| 000 -CABECERA |
| fixed length control field |
01564nam a22002057a 4500 |
| 003 - IDENTIFICADOR DEL NÚMERO DE CONTROL |
| control field |
AR-CdUCM |
| 008 - DATOS DE LONGITUD FIJA--INFORMACIÓN GENERAL |
| fixed length control field |
190321b ||||| |||| 00| 0 spa d |
| 020 ## - NÚMERO INTERNACIONAL ESTÁNDAR DEL LIBRO |
| ISBN |
84-7069-332-8 |
| 040 ## - FUENTE DE LA CATALOGACIÓN |
| Agencia/entidad que catalogó originalmente la obra |
MUNICIPALIDAD PROVINCIAL DEL CUSCO |
| Entidad que transcribió la catalogación |
BIBLIOTECA MUNICIPAL DEL CUSCO |
| 082 ## - NÚMERO DE LA CLASIFICACIÓN DECIMAL DEWEY |
| No. de Clasificación |
ES / 574 / |
| Notacion interna |
M95 |
| 110 ## - ENTRADA PRINCIPAL--NOMBRE DE ENTIDAD CORPORATIVA |
| Nombre de la institución, jurisdicción como entrada principal |
Oceano |
| 9 (RLIN) |
18116 |
| 245 ## - MENCIÓN DE TÍTULO |
| Título |
El mundo de la biología : |
| Resto del título |
Curso teórico practico / |
| 260 ## - PUBLICACIÓN, DISTRIBUCIÓN, ETC. |
| Lugar de publicación, distribución, etc. |
España : |
| Nombre de la editorial, distribuidor, etc. |
Placton, |
| Fecha de publicación, distribución, etc. |
1960. |
| 300 ## - DESCRIPCIÓN FÍSICA |
| Nº de Páginas Extensión |
4 volúmenes ; |
| Dimensiones |
31 cm. |
| 505 ## - NOTA DE CONTENIDO CON FORMATO |
| Nota de contenido formateada |
Contenido :v.1. Signos externos de vida -- El universo celular, tipos de células -- Las membranas celulares, moléculas en movimiento -- Dientes, picos y tentáculos, comedores de partículas -- Circulación de la sangre, el soplo de la vida -- Eliminar o morir, la excreción -- v.2. De la bellota al roble, porque se crece -- La mosca y el elefante -- Correr, nadar, volar, reflejos y voluntad -- Nuevos seres vivos, el sexo de las plantas -- Mutación y evolución, el mensaje de los fósiles -- v.3. Las algas, alimento futuro, parásitos del mundo vegetal -- Los musgos y las hepáticas, los helechos -- Vida simple, los gusanos, esqueleto externo -- Los peces, los anfibios, los reptiles -- Las aves, los mamíferos -- v.4. El material genético, ciclos vitales -- El control glandular, el ojo y la visión -- El gusto y el olfato, cerebro e información -- La vida en comunidad, el lenguaje de los animales -- La vida amenazada, adaptación de la naturaleza ... |
| 650 ## - PUNTO DE ACCESO ADICIONAL DE MATERIA--TÉRMINO DE MATERIA |
| Descriptor |
Biología |
| 9 (RLIN) |
881 |
| 650 ## - PUNTO DE ACCESO ADICIONAL DE MATERIA--TÉRMINO DE MATERIA |
| Descriptor |
Biología marítima |
| 9 (RLIN) |
22089 |
| 942 ## - ELEMENTOS DE PUNTO DE ACCESO ADICIONAL (KOHA) |
| Fuente de clasificación |
|
| Tipo de item |
Libros-BMC |
| 945 ## - PROCESAMIENTO DE INFORMACIÓN LOCAL (OCLC) |
| Catalogador |
nom |